Landmarks From Countries - Statistics

General Stats
  • This quiz has been taken 35 times
  • The average score is 12 of 12
Answer Stats
Landmark Country % Correct
Sydney Opera House Australia
100%
Great Wall of ____ China
100%
Eiffel Tower France
100%
Leaning Tower of Pisa Italy
100%
Big Ben United Kingdom
100%
White House United States
100%
Christ the Redeemer Brazil
96%
Pyramids of Giza Egypt
96%
Taj Mahal India
96%
CN Tower Canada
93%
Chitzen Itza Mexico
89%
Burj Khalifa United Arab Emirates
89%
No matching quizzes found
Score Distribution
Percent of People with Each Score
Percentile by Number Answered
Your Score History
You have not taken this quiz